So sánh từ vựng tiếng Mã Lai với các ngôn ngữ Chàm: Trên cơ sở tư liệu tiếng Inđônêxia và tiếng Êđê /
Bewaard in:
| Hoofdauteur: | |
|---|---|
| Formaat: | Artikel |
| Taal: | Vietnamese |
| Onderwerpen: | |
| Tags: |
Voeg label toe
Geen labels, Wees de eerste die dit record labelt!
|
| Thư viện lưu trữ: | Thư viện Trường Đại học Đà Lạt |
|---|
| LEADER | 00843nam a2200265 4500 | ||
|---|---|---|---|
| 001 | DLU090089005 | ||
| 005 | ##20091130 | ||
| 040 | # | # | |a DLU |b vie |
| 041 | # | # | |a vie |
| 044 | # | # | |a vn |
| 100 | # | # | |a Doãn Văn Phúc. |
| 245 | # | # | |a So sánh từ vựng tiếng Mã Lai với các ngôn ngữ Chàm: |b Trên cơ sở tư liệu tiếng Inđônêxia và tiếng Êđê / |c Doãn Văn Phúc. |
| 653 | # | # | |a Ngôn ngữ học |
| 653 | # | # | |a Từ vựng học |
| 653 | # | # | |a Tiếng Inđônexia |
| 773 | # | # | |t Nghiên cứu Đông Nam Á |g Số4(25), 1996, tr. 78-87 |
| 920 | # | # | |a Phòng Tạp chí -- Trung tâm Thông tin - Thư viện Trường Đại học Đà Lạt |
| 994 | # | # | |a DLU |
| 900 | # | # | |a True |
| 911 | # | # | |a Nguyễn Thị Linh Chi |
| 925 | # | # | |a G |
| 926 | # | # | |a A |
| 927 | # | # | |a BB |
| 980 | # | # | |a Thư viện Trường Đại học Đà Lạt |